IFSC Climbing World Cup Boulder Champions - Statistics

General Stats
  • This quiz has been taken 52 times
  • The average score is 5 of 29
Answer Stats
Year Gender Winner % Correct
2019 Women Janja Garnbret
95%
2010 Men Adam Ondra
81%
2016, 2019 Men Tomoa Narasaki
74%
2023, 2024, 2025 Men Sorato Anraku
63%
2025 Women Oriane Bertone
42%
2021, 2022, 2023, 2024 Women Natalia Grossman
33%
2018 Women Miho Nonaka
28%
2015, 2017 Men Jong-won Chon
21%
2016, 2017 Women Shauna Coxsey
21%
2009, 2010, 2014, 2015 Women Akiyo Noguchi
16%
2021, 2022 Men Yoshiyuki Ogata
14%
2008, 2011, 2012, 2013 Women Anna Stöhr
12%
2014 Men Jan Hojer
9%
2005, 2007, 2008, 2009, 2011 Men Kilian Fischhuber
7%
1999, 2002 Men Christian Core
5%
2018 Men Jernej Kruder
5%
2001, 2002, 2003, 2006 Men Jérôme Meyer
5%
2000, 2001, 2003, 2004, 2005 Women Sandrine Levet
5%
2004 Men Daniel Du Lac
2%
2013 Men Dmitri Sarafutdinov
2%
2007 Women Juliette Danion
2%
2002 Men Malcolm Smith
2%
2012 Men Rustam Gelmanov
2%
2002 Women Lisa Rands
0%
2002 Women Myriam Motteau
0%
2002 Women Nataliya Perlova
0%
2006 Women Olga Bibik
0%
2000 Men Pedro Pons
0%
1999 Women Stéphanie Bodet
0%
No matching quizzes found
Score Distribution
Percent of People with Each Score
Percentile by Number Answered
Your Score History
You have not taken this quiz